000 00758nam a2200241 a 4500
001 57251
003 BD-RjUL
005 20211209080504.0
008 161207s1978 enk b 001 0 eng
020 _a0470263067
035 _a(BD-RjUL) 57375
040 _aDLC
_cDLC
_dBD-RjUL
_beng
041 _aeng
082 0 0 _a370.15
_223
_bSOC 1978
245 0 0 _aSocial psychology of education :
_btheory and research /
_cedited by Daniel Bar-Tal, Leonard Saxe.
260 _aNew York :
_bdistributed solely by Halsted Press,
_cc1978.
300 _axvi, 384 p. ;
_c24 cm.
504 _aIncludes bibliographies and indexes.
650 0 _aEducational sociology.
_9170019
700 2 _aBar-Tal, Daniel.
_9170020
700 1 _aSaxe, Leonard.
_9140536
942 _2ddc
_cBK
999 _c57251
_d57251